| Поле | Название | Значение |
| |
Тип записи |
a |
| |
Библиографический уровень |
m |
| 001 |
Контрольный номер |
RU/SLIB/B/208741862 |
| 005 |
Дата корректировки |
20201206204058.5 |
| 010 |
Индекс ISBN |
__ |
| a |
ISBN |
5-264-00128-6 |
| d |
Цена |
50-30 |
| 101 |
Язык документа |
__ |
| a |
Язык текста |
rus |
| c |
Язык оригинала |
rus |
| 200 |
Заглавие и сведения об ответственности |
0_ |
| a |
Заглавие |
Тайны советской дипломатии |
| f |
Первые сведения об ответственности |
О. А. Гриневский |
| b |
Общее обозначение материала |
Текст |
| 210 |
Выходные данные |
__ |
| a |
Место издания |
М. |
| c |
Издательство |
ВАГРИУС |
| d |
Дата издания |
2000 |
| 215 |
Физическое описание |
__ |
| a |
Объем |
336 с. |
| c |
Иллюстрации/тип воспроизводства |
фот. |
| 330 |
Аннотация |
__ |
| a |
Аннотация |
О войне, о тайных встречах высших руководителей стран, революциях и заговорах, и впервые, - о том, как и почему было принято трагическое решение о вводе советских войск в Афганистан. |
| 600 |
Персоналии |
__ |
| a |
Персоналии (Фамилия) |
Андропов, Ю. В. |
| 600 |
Персоналии |
__ |
| a |
Персоналии (Фамилия) |
Даян, М. |
| 600 |
Персоналии |
__ |
| a |
Персоналии (Фамилия) |
Громыко, А. А. |
| 600 |
Персоналии |
__ |
| a |
Персоналии (Фамилия) |
Брежнев, Л. И. |
| 600 |
Персоналии |
__ |
| a |
Персоналии (Фамилия) |
Бегин, М. |
| 600 |
Персоналии |
__ |
| a |
Персоналии (Фамилия) |
Хусейн, С. |
| 601 |
Наименование организации как предмет |
__ |
| a |
Наименование организации как предмет |
Организация Объединенных Наций |
| 601 |
Наименование организации как предмет |
__ |
| a |
Наименование организации как предмет |
ООН |
| 601 |
Наименование организации как предмет |
__ |
| a |
Наименование организации как предмет |
Комитет государственной безопасности |
| 601 |
Наименование организации как предмет |
__ |
| a |
Наименование организации как предмет |
КГБ |
| 606 |
Тематические рубрики |
__ |
| a |
Основная рубрика |
История |
| z |
Хронологическая подрубрика |
20 в. |
| y |
Географическая подрубрика |
Тегеран; СССР; Россия; США; Соединенные Штаты Америки; Ирак; Багдад; Афганистан; Израиль; Палестина |
| 606 |
Тематические рубрики |
__ |
| a |
Основная рубрика |
История России и СССР (октябрь 1917 - 1991 г.) |
| 610 |
Ключевые слова |
__ |
| a |
Ключевые слова |
дипломаты; дипломатические отношения; дипломатический аппарат; дипломатический протокол; дипломатическая служба; государственная деятельность; государственные деятели; президенты; короли; государственные секретари; генеральные секретари; войны; революции; дипломатия; международные отношения; политика; персоналии |
| 686 |
Индексы других классификаций |
__ |
| a |
Классификационный индекс |
63.3(2)63-6 |
| 700 |
Автор |
_0 |
| a |
Фамилия |
Гриневский |
| b |
Имя |
О. А. |
| 4 |
Код отношения |
070 |
| 801 |
Источник записи |
_0 |
| a |
Страна |
RU |
| b |
Организация |
Муниципальное бюджетное учреждение культуры "Централизованная библиотечная система" г. Сургут (Центральная городская библиотека им. А. С. Пушкина) |
| g |
Правила каталогизации |
КиК/Поспелова |
| 801 |
Источник записи |
_1 |
| a |
Страна |
RU |
| b |
Организация |
Муниципальное бюджетное учреждение культуры "Централизованная библиотечная система" г. Сургут (Центральная городская библиотека им. А. С. Пушкина) |
| g |
Правила каталогизации |
КиК/Поспелова |
| 852 |
Данные о местонахождении |
__ |
| j |
Шифр хранения |
63.3(2)63-6 |
| c |
Каталожный индекс |
63.3(2)63-6 |
| i |
Авторский знак |
Г 85 |
| p |
Инвентарный номер |
03061281; 03061282; 03061283; 03061284 |
| 901 |
Тип документа |
__ |
| t |
Тип документа |
m |
| 903 |
Характеристики (МАРС) |
__ |
| a |
Дата передачи |
20030605 |
| 990 |
Данные о заказе (DOS) |
__ |
| j |
Количество экземпляров (DOS) |
4 |
| t |
N записи в КСУ для И/У (DOS) |
200306 |